000 00575nam a2200205Ii 4500
003 JO-AjNU
008 230606s9999||||xx |||||||||||||| ||und||
020 _a81-89757-64-4
040 _aJO-AjNU
_beng
_erda
_cJO-AjNU
041 _aeng
050 1 4 _aQA76.73.2008
100 3 _aPandey,pandey,
_eauthor
_9295
245 0 0 _ainternet programming using java
264 3 1 _aS.K KATARIA SONS:2006
300 _a196p
336 _atext
_btxt
_2rdacontent
337 _aunmediated
_bn
_2rdamedia
338 _avolume
_bnc
_2rdacarrier
650 4 _ainternet programming using java
_9296
999 _aE156
_c156
_d156